| 000 | 00705nam a2200229 a 4500 | ||
|---|---|---|---|
| 008 | 951213s1977||||[C 0 slo c | ||
| 020 |
_c17 Kčs. _q(4000 výtl.) |
||
| 040 |
_aSNK _bslo _cSNK _eAACR2 |
||
| 041 | 1 |
_aslo _hslo |
|
| 044 |
_axo _cSK |
||
| 080 | _a885.4-3 | ||
| 100 | 1 |
_aLetz, Štefan _4aut |
|
| 245 | 1 | 0 |
_aNovely _cŠtefan Letz ; Ján Gregorec, Ivan Kovačevič, Ján Gregorec |
| 260 |
_aBratislava _bSlovenský spisovateľ _c1977 _eBratislava _fPravda |
||
| 300 |
_a544 s., 29,63 AH _c21 cm |
||
| 490 | 0 | _aDielo Štefana Letza | |
| 500 | _aEdič. a bibliogr. pozn. | ||
| 700 | 1 |
_aGregorec, Ján _4[ADC] |
|
| 700 | 1 |
_aKovačevič, Ivan _4bkd |
|
| 700 | 1 |
_aGregorec, Ján _4oth |
|
| 958 | _aA | ||
| 999 |
_c11995 _d11995 |
||